000 00546nam a2200193 i 4500
001 20161
003 ES-MaACL
005 20230906152239.0
007 t|
008 021107s1918 sp |||| | spa d
100 1 _aAguado Bleye, Pedro,
_d1884-1954
_918617
245 1 0 _aManual de historia de España /
_cpor Pedro Aguado Bleye.
250 _a2ª ed.
260 _aBilbao :
_b[s.n.],
_c1918 (
_fJosé Gros)
300 _a2 v. ;
_c22 cm.
651 4 _aEspaña-
_xHistoria.
_98209
852 _aES-MaACL
_jB-917-18
999 _c20161
_d20161